Zákon č. 235 z 28. apríla 1992 o zrušení pracovných kategórií a o niektorých ďalších zmenách v sociálnom zabezpečení

Bibliographic Details
Format: Article
Language:Slovak
Subjects:

MARC

LEADER 00000nab a2200000 a 4500
001 vtls000470439
003 SK-MaSNL
005 20260303200143.0
008 120926c1992 xo 0 slo
015 |a SNBRB19rr/mm-uuuuu 
035 |a CL0470572 
040 |a SNKBUCL  |b slo  |c SNKBUCL  |e AACR2 
041 0 |a slo 
044 |a xo  |c SK 
080 |a 362  |2 1981 
080 |a 331.81  |2 1981 
245 0 0 |a Zákon č. 235 z 28. apríla 1992 o zrušení pracovných kategórií a o niektorých ďalších zmenách v sociálnom zabezpečení 
650 0 7 |a sociálne zabezpečenie  |2 snkbucl  |9 3720 
650 0 7 |a Zákon o zrušení pracovných kategórií a o niektorých  |2 snkbucl  |9 974576 
655 7 |a články z novín a časopisov  |2 snkbucl  |9 267496 
773 0 |t Národné poistenie  |g Roč. 24, č. 10 (1992), s. 7-10 
850 |a Slovenská národná knižnica v Martine  |a MTA001 
852 |a SNK  |b KIS3GCP 
958 |a RK 
992 |a RBX 
999 |c 2166713  |d 2168643